[Event "DEM U14 2017"]
[Site "Willingen GER"]
[Date "2017.06.09"]
[Round "8"]
[White "Zimmer, Raphael"]
[Black "Merk, Daniel"]
[Result "1-0"]
[Termination "normal"]
[Board "9"]
[WhiteElo "2065"]
[BlackElo "1900"]
[WhiteClock "00:35:27"]
[BlackClock "00:50:07"]
[PlyCount "65"]
[WhiteFideId "12978841"]
[BlackFideId "12938386"]
[EventCountry "GER"]
[EventRounds "9"]
[EventType "swiss"]
[EventDate "2017.06.03"]

1. e4 {[%clk 1:30:58]} 1... d5 {[%clk 1:30:52]} 2. exd5 {[%clk 1:31:19]} 2...
Qxd5 {[%clk 1:31:16]} 3. Nc3 {[%clk 1:31:32]} 3... Qd6 {[%clk 1:31:41]} 4. d4 {
[%clk 1:31:01]} 4... Nf6 {[%clk 1:28:37]} 5. g3 {[%clk 1:28:03]} 5... c6 {
[%clk 1:29:00]} 6. Bg2 {[%clk 1:25:39]} 6... Bf5 {[%clk 1:29:12]} 7. a3 { [%clk
1:23:00]} 7... e6 {[%clk 1:28:42]} 8. Nf3 {[%clk 1:22:08]} 8... h6 { [%clk
1:29:08]} 9. h3 {[%clk 1:21:23]} 9... Be7 {[%clk 1:29:32]} 10. Qe2 { [%clk
1:16:01]} 10... O-O {[%clk 1:29:05]} 11. O-O {[%clk 1:15:30]} 11... Nd5 { [%clk
1:27:14]} 12. Ne4 {[%clk 1:14:14]} 12... Qd8 {[%clk 1:27:19]} 13. g4 { [%clk
1:08:12]} 13... Bh7 {[%clk 1:27:45]} 14. c4 {[%clk 1:06:17]} 14... Nf6 { [%clk
1:27:49]} 15. Ng3 {[%clk 1:03:23]} 15... Nbd7 {[%clk 1:27:01]} 16. b3 { [%clk
1:02:43]} 16... Qc7 {[%clk 1:22:46]} 17. Bb2 {[%clk 1:02:08]} 17... Bd6 { [%clk
1:21:51]} 18. Ne5 {[%clk 1:00:07]} 18... c5 {[%clk 1:21:43]} 19. Nxd7 { [%clk
0:56:07]} 19... Nxd7 {[%clk 1:20:25]} 20. Ne4 {[%clk 0:54:24]} 20... cxd4
{[%clk 1:19:19]} 21. Bxd4 {[%clk 0:51:36]} 21... Be5 {[%clk 1:15:20]} 22. Rad1
{[%clk 0:50:02]} 22... Bxd4 {[%clk 1:12:39]} 23. Rxd4 {[%clk 0:50:11]} 23...
Bxe4 {[%clk 1:12:31]} 24. Qxe4 {[%clk 0:48:36]} 24... Nc5 {[%clk 1:12:28]} 25.
Qe3 {[%clk 0:48:40]} 25... Rac8 {[%clk 0:55:33]} 26. Rfd1 {[%clk 0:45:07]}
26... b6 {[%clk 0:51:11]} 27. b4 {[%clk 0:37:04]} 27... Na6 {[%clk 0:51:35]}
28. Rd7 {[%clk 0:36:34]} 28... Qxc4 {[%clk 0:51:59]} 29. Bf1 {[%clk 0:36:46]}
29... Qc2 {[%clk 0:50:11]} 30. Bxa6 {[%clk 0:36:55]} 30... Rc3 {[%clk 0:50:36]}
31. R7d3 {[%clk 0:37:04]} 31... Rxa3 {[%clk 0:49:55]} 32. Rxa3 {[%clk 0:35:46]}
32... Qxd1+ {[%clk 0:50:07]} 33. Bf1 {[%clk 0:35:27]} 1-0

[Event "DEM U14 2017"]
[Site "Willingen GER"]
[Date "2017.06.09"]
[Round "8"]
[White "Nguyen, Alex Dac-Vuong"]
[Black "Biermann, Florian"]
[Result "1-0"]
[Termination "normal"]
[Board "10"]
[WhiteElo "2051"]
[BlackElo "1853"]
[WhiteClock "00:04:03"]
[BlackClock "00:04:11"]
[PlyCount "83"]
[WhiteFideId "12984388"]
[BlackFideId "12970069"]
[EventCountry "GER"]
[EventRounds "9"]
[EventType "swiss"]
[EventDate "2017.06.03"]

1. e4 {[%clk 1:30:57]} 1... c5 {[%clk 1:30:56]} 2. Nf3 {[%clk 1:31:15]} 2... d6
{[%clk 1:31:21]} 3. d4 {[%clk 1:29:26]} 3... cxd4 {[%clk 1:31:32]} 4. Nxd4 {
[%clk 1:29:51]} 4... Nf6 {[%clk 1:31:55]} 5. f3 {[%clk 1:25:24]} 5... a6 {
[%clk 1:31:30]} 6. c4 {[%clk 1:25:44]} 6... e6 {[%clk 1:31:26]} 7. Nc3 { [%clk
1:26:04]} 7... Qc7 {[%clk 1:31:44]} 8. Be3 {[%clk 1:26:15]} 8... Nbd7 { [%clk
1:31:43]} 9. Be2 {[%clk 1:25:25]} 9... Be7 {[%clk 1:30:26]} 10. O-O { [%clk
1:25:45]} 10... O-O {[%clk 1:30:44]} 11. Qd2 {[%clk 1:26:01]} 11... b6 { [%clk
1:31:06]} 12. Rfc1 {[%clk 1:26:18]} 12... Bb7 {[%clk 1:31:20]} 13. Rab1 { [%clk
1:16:28]} 13... Rac8 {[%clk 1:29:01]} 14. b4 {[%clk 1:12:53]} 14... Qb8 { [%clk
1:24:02]} 15. Nb3 {[%clk 1:10:37]} 15... Rfe8 {[%clk 1:14:36]} 16. a3 { [%clk
1:05:26]} 16... h5 {[%clk 1:08:34]} 17. Qd4 {[%clk 0:55:34]} 17... h4 { [%clk
1:02:22]} 18. Na4 {[%clk 0:54:45]} 18... Bd8 {[%clk 0:44:04]} 19. Nc3 { [%clk
0:42:40]} 19... h3 {[%clk 0:39:15]} 20. g4 {[%clk 0:36:50]} 20... Bc7 { [%clk
0:33:16]} 21. g5 {[%clk 0:35:07]} 21... Nh7 {[%clk 0:30:00]} 22. Qd2 { [%clk
0:34:03]} 22... d5 {[%clk 0:28:31]} 23. cxd5 {[%clk 0:34:13]} 23... Bxh2+
{[%clk 0:27:38]} 24. Kh1 {[%clk 0:34:22]} 24... exd5 {[%clk 0:24:49]} 25. Nxd5
{[%clk 0:33:42]} 25... Bxd5 {[%clk 0:23:33]} 26. Qxd5 {[%clk 0:33:51]} 26...
Qg3 {[%clk 0:18:37]} 27. Rg1 {[%clk 0:32:02]} 27... Bxg1 {[%clk 0:17:02]} 28.
Rxg1 {[%clk 0:32:02]} 28... Qe5 {[%clk 0:15:39]} 29. Qxd7 {[%clk 0:31:27]}
29... Rc2 {[%clk 0:13:40]} 30. Nd2 {[%clk 0:30:12]} 30... h2 {[%clk 0:12:26]}
31. Rg2 {[%clk 0:28:08]} 31... Nf8 {[%clk 0:11:33]} 32. Qa4 {[%clk 0:26:09]}
32... Qa1+ {[%clk 0:11:35]} 33. Kxh2 {[%clk 0:26:12]} 33... Rec8 { [%clk
0:09:28]} 34. Bxa6 {[%clk 0:25:45]} 34... R8c7 {[%clk 0:08:08]} 35. g6 { [%clk
0:22:12]} 35... Qe5+ {[%clk 0:07:59]} 36. Kg1 {[%clk 0:21:45]} 36... fxg6
{[%clk 0:06:29]} 37. Qb3+ {[%clk 0:19:11]} 37... Kh8 {[%clk 0:06:12]} 38. Qd5 {
[%clk 0:10:03]} 38... Qa1+ {[%clk 0:04:52]} 39. Bf1 {[%clk 0:07:26]} 39... Rc8
{[%clk 0:05:03]} 40. Rh2+ {[%clk 0:07:41]} 40... Nh7 {[%clk 0:05:28]} 41. Bd4 {
[%clk 0:03:48]} 41... Qd1 {[%clk 0:04:11]} 42. Qf7 {[%clk 0:04:03]} 1-0

[Event "DEM U14 2017"]
[Site "Willingen GER"]
[Date "2017.06.09"]
[Round "8"]
[White "Trifan, Andrei Ioan"]
[Black "Dahl, Christoph"]
[Result "1-0"]
[Termination "normal"]
[Board "11"]
[WhiteElo "2176"]
[BlackElo "1801"]
[WhiteClock "00:14:05"]
[BlackClock "01:15:27"]
[PlyCount "101"]
[WhiteFideId "12967068"]
[BlackFideId "16240235"]
[EventCountry "GER"]
[EventRounds "9"]
[EventType "swiss"]
[EventDate "2017.06.03"]

1. e4 {[%clk 1:30:58]} 1... e5 {[%clk 1:30:53]} 2. Nf3 {[%clk 1:31:21]} 2...
Nc6 {[%clk 1:31:15]} 3. d4 {[%clk 1:31:38]} 3... exd4 {[%clk 1:31:32]} 4. Bc4 {
[%clk 1:31:55]} 4... Nf6 {[%clk 1:31:42]} 5. e5 {[%clk 1:32:19]} 5... d5 {
[%clk 1:31:55]} 6. Bb5 {[%clk 1:32:36]} 6... Ne4 {[%clk 1:31:59]} 7. Nxd4 {
[%clk 1:32:18]} 7... Bd7 {[%clk 1:31:50]} 8. Bxc6 {[%clk 1:31:54]} 8... bxc6 {
[%clk 1:31:53]} 9. O-O {[%clk 1:31:38]} 9... Bc5 {[%clk 1:31:46]} 10. f3 {
[%clk 1:31:08]} 10... Ng5 {[%clk 1:31:26]} 11. f4 {[%clk 1:30:43]} 11... Ne4 {
[%clk 1:31:23]} 12. Be3 {[%clk 1:30:38]} 12... O-O {[%clk 1:31:09]} 13. Nd2 {
[%clk 1:29:02]} 13... f5 {[%clk 1:30:53]} 14. Nxe4 {[%clk 1:24:28]} 14... fxe4
{[%clk 1:31:01]} 15. c4 {[%clk 1:23:45]} 15... Qe7 {[%clk 1:27:06]} 16. Rc1 {
[%clk 1:17:51]} 16... Bb6 {[%clk 1:21:56]} 17. cxd5 {[%clk 1:00:20]} 17... cxd5
{[%clk 1:22:10]} 18. Qb3 {[%clk 0:53:07]} 18... Qf7 {[%clk 1:21:59]} 19. f5 {
[%clk 0:47:14]} 19... Bxd4 {[%clk 1:21:08]} 20. Bxd4 {[%clk 0:47:05]} 20...
Bxf5 {[%clk 1:21:15]} 21. e6 {[%clk 0:45:39]} 21... Qxe6 {[%clk 1:21:03]} 22.
Rxc7 {[%clk 0:44:47]} 22... Rf7 {[%clk 1:20:49]} 23. Rxf7 {[%clk 0:44:05]}
23... Qxf7 {[%clk 1:20:39]} 24. g4 {[%clk 0:43:27]} 24... Rd8 {[%clk 1:19:05]}
25. Rxf5 {[%clk 0:40:36]} 25... Qg6 {[%clk 1:18:24]} 26. Rxd5 {[%clk 0:38:46]}
26... Qxg4+ {[%clk 1:18:39]} 27. Kh1 {[%clk 0:39:14]} 27... Rxd5 { [%clk
1:18:52]} 28. Qxd5+ {[%clk 0:39:39]} 28... Kf8 {[%clk 1:19:15]} 29. Bc5+ {[%clk
0:34:54]} 29... Ke8 {[%clk 1:19:31]} 30. Qa8+ {[%clk 0:33:33]} 30... Kf7 {[%clk
1:18:41]} 31. Qxa7+ {[%clk 0:33:15]} 31... Kg6 {[%clk 1:18:15]} 32. Qb6+ {[%clk
0:33:22]} 32... Kh5 {[%clk 1:18:14]} 33. Qb3 {[%clk 0:31:36]} 33... Qf5 {[%clk
1:17:45]} 34. Qd1+ {[%clk 0:30:40]} 34... Kh4 {[%clk 1:17:23]} 35. Be3 { [%clk
0:29:41]} 35... Qa5 {[%clk 1:14:54]} 36. Qf1 {[%clk 0:27:03]} 36... g5 { [%clk
1:14:38]} 37. a3 {[%clk 0:23:25]} 37... Qa4 {[%clk 1:14:06]} 38. Kg2 { [%clk
0:20:24]} 38... Qd7 {[%clk 1:13:29]} 39. Bf2+ {[%clk 0:18:06]} 39... Kg4 {[%clk
1:13:18]} 40. Be3 {[%clk 0:16:01]} 40... Kh4 {[%clk 1:13:03]} 41. Qf2+ { [%clk
0:14:25]} 41... Kh5 {[%clk 1:13:11]} 42. Qg3 {[%clk 0:13:11]} 42... Qb5 { [%clk
1:12:45]} 43. Qxg5+ {[%clk 0:12:28]} 43... Qxg5+ {[%clk 1:13:08]} 44. Bxg5
{[%clk 0:12:57]} 44... Kxg5 {[%clk 1:13:30]} 45. a4 {[%clk 0:11:48]} 45... Kf4
{[%clk 1:13:49]} 46. Kf2 {[%clk 0:12:14]} 46... e3+ {[%clk 1:14:00]} 47. Ke2
{[%clk 0:12:39]} 47... Ke4 {[%clk 1:14:24]} 48. a5 {[%clk 0:12:50]} 48... Kd5
{[%clk 1:14:47]} 49. Kxe3 {[%clk 0:13:15]} 49... Kc5 {[%clk 1:15:06]} 50. Kf4
{[%clk 0:13:39]} 50... Kb5 {[%clk 1:15:27]} 51. b4 {[%clk 0:14:05]} 1-0

[Event "DEM U14 2017"]
[Site "Willingen GER"]
[Date "2017.06.09"]
[Round "8"]
[White "Stork, Oliver"]
[Black "Post, Hugo"]
[Result "1/2-1/2"]
[Termination "normal"]
[Board "12"]
[WhiteElo "2012"]
[BlackElo "2019"]
[WhiteClock "00:02:40"]
[BlackClock "00:35:35"]
[PlyCount "57"]
[WhiteFideId "12955728"]
[BlackFideId "12962490"]
[EventCountry "GER"]
[EventRounds "9"]
[EventType "swiss"]
[EventDate "2017.06.03"]

1. c4 {[%clk 1:30:58]} 1... e5 {[%clk 1:30:42]} 2. g3 {[%clk 1:31:21]} 2... d6
{[%clk 1:30:29]} 3. Bg2 {[%clk 1:31:22]} 3... f5 {[%clk 1:30:08]} 4. Nc3 {
[%clk 1:31:41]} 4... Nf6 {[%clk 1:29:55]} 5. e3 {[%clk 1:31:06]} 5... Be7 {
[%clk 1:29:27]} 6. Nge2 {[%clk 1:31:17]} 6... O-O {[%clk 1:28:55]} 7. O-O {
[%clk 1:30:29]} 7... c6 {[%clk 1:27:46]} 8. d4 {[%clk 1:20:21]} 8... Qe8 {
[%clk 1:23:43]} 9. b3 {[%clk 0:57:30]} 9... Qh5 {[%clk 1:19:04]} 10. Ba3 {
[%clk 0:52:32]} 10... Re8 {[%clk 1:14:38]} 11. dxe5 {[%clk 0:37:55]} 11... dxe5
{[%clk 1:13:06]} 12. Bxe7 {[%clk 0:38:19]} 12... Rxe7 {[%clk 1:13:23]} 13. Qd6
{[%clk 0:34:15]} 13... Re8 {[%clk 1:12:24]} 14. Rad1 {[%clk 0:32:08]} 14...
Nbd7 {[%clk 1:10:13]} 15. b4 {[%clk 0:24:56]} 15... Ng4 {[%clk 1:03:03]} 16. h3
{[%clk 0:25:09]} 16... Nh6 {[%clk 1:01:14]} 17. b5 {[%clk 0:21:17]} 17... Nf6 {
[%clk 0:57:40]} 18. bxc6 {[%clk 0:20:30]} 18... f4 {[%clk 0:56:39]} 19. exf4 {
[%clk 0:13:30]} 19... Bxh3 {[%clk 0:54:04]} 20. fxe5 {[%clk 0:13:21]} 20...
Bxg2 {[%clk 0:53:18]} 21. Kxg2 {[%clk 0:13:43]} 21... Nfg4 {[%clk 0:51:45]} 22.
Rh1 {[%clk 0:13:23]} 22... Qf5 {[%clk 0:51:53]} 23. Rhf1 {[%clk 0:07:57]} 23...
bxc6 {[%clk 0:50:05]} 24. Qxc6 {[%clk 0:07:36]} 24... Qh5 {[%clk 0:45:29]} 25.
Rh1 {[%clk 0:08:01]} 25... Qf5 {[%clk 0:45:54]} 26. Nf4 {[%clk 0:04:50]} 26...
Nxe5 {[%clk 0:44:30]} 27. Qd5+ {[%clk 0:05:10]} 27... Kh8 {[%clk 0:44:50]} 28.
Nb5 {[%clk 0:03:55]} 28... Rad8 {[%clk 0:35:35]} 29. Qb7 {[%clk 0:02:40]}
1/2-1/2

[Event "DEM U14 2017"]
[Site "Willingen GER"]
[Date "2017.06.09"]
[Round "8"]
[White "Lieberwirth, Kasimir"]
[Black "Kotyk, Michael"]
[Result "1-0"]
[Termination "normal"]
[Board "13"]
[WhiteElo "2009"]
[BlackElo "1927"]
[PlyCount "51"]
[WhiteFideId "12988146"]
[BlackFideId "16214501"]
[EventCountry "GER"]
[EventRounds "9"]
[EventType "swiss"]
[EventDate "2017.06.03"]

1. e4 e5 2. Nf3 Nc6 3. Bb5 a6 4. Bxc6 dxc6 5. O-O Bg4 6. h3 h5 7. d3 Qf6 8.
Nbd2 g5 9. Re1 Bd6 10. d4 Bxf3 11. Qxf3 Qg7 12. Nc4 g4 13. Qg3 exd4 14. Nxd6+
cxd6 15. Bf4 O-O-O 16. Bxd6 Qg6 17. Bb8 Rd7 18. Ba7 Rd6 19. Rad1 Nh6 20. Rxd4
Rxd4 21. Qb8+ Kd7 22. Qxb7+ Kd6 23. Bxd4 gxh3 24. e5+ Kd5 25. Qd7+ Kc4 26. b3+
1-0

[Event "DEM U14 2017"]
[Site "Willingen GER"]
[Date "2017.06.09"]
[Round "8"]
[White "Henning, Marvin"]
[Black "Pahl, Erik"]
[Result "1-0"]
[Termination "normal"]
[Board "14"]
[WhiteElo "1946"]
[BlackElo "1775"]
[PlyCount "61"]
[WhiteFideId "12957399"]
[BlackFideId "16201272"]
[EventCountry "GER"]
[EventRounds "9"]
[EventType "swiss"]
[EventDate "2017.06.03"]

1. e4 e5 2. Nf3 Nc6 3. Bb5 Nge7 4. Nc3 g6 5. d4 exd4 6. Nd5 Bg7 7. Bg5 h6 8.
Bf6 Bxf6 9. Nxf6+ Kf8 10. Nxd4 Kg7 11. Qd2 Ng8 12. Nd5 Nf6 13. Nc3 Re8 14.
O-O-O Qe7 15. Rhe1 Qc5 16. Nb3 Qf8 17. f4 a6 18. e5 Ng8 19. Bd3 Nce7 20. Be4
Rd8 21. Qd4 Kh7 22. Qc5 c6 23. Rd6 f5 24. exf6 Nxf6 25. Qe5 Neg8 26. g4 Re8 27.
Qd4 Nxe4 28. Nxe4 Qxf4+ 29. Nbd2 Re7 30. b3 Rg7 31. Nf6+ 1-0

[Event "DEM U14 2017"]
[Site "Willingen GER"]
[Date "2017.06.09"]
[Round "8"]
[White "Longo, Massimo"]
[Black "Fidlin, Simon"]
[Result "1-0"]
[Termination "normal"]
[Board "15"]
[WhiteElo "1912"]
[BlackElo "1841"]
[PlyCount "111"]
[WhiteFideId "16205227"]
[BlackFideId "16217535"]
[EventCountry "GER"]
[EventRounds "9"]
[EventType "swiss"]
[EventDate "2017.06.03"]

1. d4 Nf6 2. c4 g6 3. Nc3 Bg7 4. Nf3 d6 5. Bg5 h6 6. Bh4 g5 7. Bg3 Nh5 8. e3 c5
9. Be2 Nd7 10. Qc2 cxd4 11. Nxd4 Nxg3 12. hxg3 Nf6 13. O-O-O a6 14. e4 Qb6 15.
f3 Bd7 16. g4 O-O 17. Nf5 Bxf5 18. gxf5 Rac8 19. Qd2 Qc5 20. f4 g4 21. Kb1 b5
22. cxb5 axb5 23. Qd4 Qxd4 24. Rxd4 Nh5 25. e5 Ng3 26. Re1 Nxf5 27. Rb4 h5 28.
Rxb5 Nd4 29. Rd5 Nxe2 30. Nxe2 dxe5 31. Ng3 e6 32. Rb5 h4 33. Nh5 Bh8 34. fxe5
Rc4 35. b3 Rd4 36. Nf6+ Bxf6 37. exf6 Rfd8 38. Rg5+ Kh7 39. Rh5+ Kg6 40. Rxh4
Kxf6 41. a4 Kg5 42. Rhh1 Rd2 43. Rh7 Kg6 44. Reh1 Rd1+ 45. Kc2 R8d2+ 46. Kc3
Rxh1 47. Rxh1 Rxg2 48. b4 f5 49. b5 g3 50. b6 Rh2 51. Rg1 f4 52. b7 Rh8 53. a5
Kf5 54. a6 Kg4 55. a7 f3 56. b8=Q 1-0

[Event "DEM U14 2017"]
[Site "Willingen GER"]
[Date "2017.06.09"]
[Round "8"]
[White "Fromm, Marius"]
[Black "Burian, Simon"]
[Result "0-1"]
[Termination "normal"]
[Board "16"]
[WhiteElo "1750"]
[BlackElo "1934"]
[PlyCount "122"]
[WhiteFideId "12993190"]
[BlackFideId "12956902"]
[EventCountry "GER"]
[EventRounds "9"]
[EventType "swiss"]
[EventDate "2017.06.03"]

1. Nf3 Nf6 2. c4 c5 3. Nc3 b6 4. g3 Bb7 5. Bg2 e6 6. b3 Be7 7. O-O O-O 8. Bb2
d6 9. e3 Nbd7 10. Rc1 a6 11. Re1 Qc7 12. d4 Rac8 13. Qd3 Rfe8 14. Red1 Bf8 15.
Rd2 Qb8 16. a4 Bc6 17. d5 exd5 18. cxd5 Bb7 19. e4 Ng4 20. Qe2 Rc7 21. Ne1 Ngf6
22. f4 g6 23. Nf3 Bg7 24. Qd3 c4 25. bxc4 Nc5 26. Qc2 Ncxe4 27. Nxe4 Nxe4 28.
Re2 Bxb2 29. Qxb2 Nc5 30. Rxe8+ Qxe8 31. Re1 Qxa4 32. Qxb6 Rd7 33. Bh3 f5 34.
Ng5 Qb3 35. Re8+ Kg7 36. Ne6+ Kh6 37. Qxb3 Nxb3 38. Kf2 Nd2 39. Bf1 a5 40. Be2
a4 41. h3 a3 42. g4 Ne4+ 43. Ke3 g5 44. gxf5 gxf4+ 45. Kxe4 a2 46. Nxf4 a1=Q
47. Re6+ Kg7 48. f6+ Kf8 49. Bh5 Qb1+ 50. Kf3 Qb3+ 51. Kg4 Rd8 52. Re7 Bc8+ 53.
Ne6+ Bxe6+ 54. dxe6 Qxc4+ 55. Kg5 Qc1+ 56. Kf5 Qc5+ 57. Kg4 Qd4+ 58. Kg3 Qe5+
59. Kg4 Rb8 60. Rf7+ Kg8 61. Rg7+ Kh8 0-1

[Event "DEM U14 2017"]
[Site "Willingen GER"]
[Date "2017.06.09"]
[Round "8"]
[White "Dietz, Florian"]
[Black "Tham, Minh"]
[Result "1-0"]
[Termination "normal"]
[Board "17"]
[WhiteElo "1913"]
[BlackElo "1895"]
[PlyCount "75"]
[WhiteFideId "12939897"]
[BlackFideId "12997323"]
[EventCountry "GER"]
[EventRounds "9"]
[EventType "swiss"]
[EventDate "2017.06.03"]

1. e4 e5 2. Nf3 Nc6 3. Bb5 a6 4. Ba4 Nf6 5. O-O Be7 6. Qe2 b5 7. Bb3 O-O 8. c3
d6 9. Rd1 Na5 10. Bc2 c5 11. d4 Qc7 12. d5 Nc4 13. a4 Bd7 14. b3 Nb6 15. a5 Nc8
16. b4 c4 17. Nbd2 Bd8 18. Nf1 Ne7 19. Ng3 Ng6 20. h3 Qc8 21. Be3 h6 22. Qd2
Re8 23. Kh2 Kh7 24. Rf1 Ng8 25. Ng1 f6 26. f4 Rb8 27. Nf3 Be7 28. Rae1 Rf8 29.
Nf5 exf4 30. Bxf4 Bxf5 31. exf5 Ne5 32. Nxe5 fxe5 33. f6+ Kh8 34. fxe7 Rxf4 35.
Rxf4 exf4 36. e8=Q Qxe8 37. Rxe8 Rxe8 38. Qxf4 1-0

[Event "DEM U14 2017"]
[Site "Willingen GER"]
[Date "2017.06.09"]
[Round "8"]
[White "Gutkin, Ilya"]
[Black "Wu, Luka"]
[Result "0-1"]
[Termination "normal"]
[Board "18"]
[WhiteElo "1860"]
[BlackElo "1874"]
[PlyCount "56"]
[WhiteFideId "16203470"]
[BlackFideId "12977420"]
[EventCountry "GER"]
[EventRounds "9"]
[EventType "swiss"]
[EventDate "2017.06.03"]

1. e4 c5 2. Nc3 d6 3. g3 g6 4. Bg2 Bg7 5. Nge2 e6 6. d3 Ne7 7. O-O O-O 8. Be3
Nbc6 9. d4 b6 10. dxc5 dxc5 11. f4 Ba6 12. e5 Qc7 13. Rf2 Rad8 14. Qe1 Nf5 15.
Nc1 Rd7 16. Nb3 Rfd8 17. Rd1 Rxd1 18. Nxd1 Rxd1 19. Qxd1 Nxe3 20. Qf3 Nxg2 21.
Rxg2 Bf8 22. Rd2 c4 23. Nc1 Bc5+ 24. Kg2 Bb7 25. Qd1 Nxe5+ 26. Kh3 Bf3 27. Rd8+
Kg7 28. Qd2 Bg4+ 0-1

[Event "DEM U14 2017"]
[Site "Willingen GER"]
[Date "2017.06.09"]
[Round "8"]
[White "Paeslack, Luis"]
[Black "Kölle, Tobias"]
[Result "0-1"]
[Termination "normal"]
[Board "19"]
[WhiteElo "1856"]
[BlackElo "2069"]
[PlyCount "82"]
[WhiteFideId "12987760"]
[BlackFideId "16207378"]
[EventCountry "GER"]
[EventRounds "9"]
[EventType "swiss"]
[EventDate "2017.06.03"]

1. d4 Nf6 2. Nf3 g6 3. c4 Bg7 4. Nc3 O-O 5. e4 d6 6. Be2 e5 7. d5 Nbd7 8. Nd2
Ne8 9. g4 Nc5 10. b4 Na6 11. a3 f5 12. gxf5 gxf5 13. exf5 Bxf5 14. Nde4 h6 15.
Be3 Qh4 16. Ng3 Bg6 17. Qd2 Nf6 18. O-O-O Ng4 19. Bxg4 Qxg4 20. h4 Qxc4 21. h5
Bh7 22. Rdg1 Qb3 23. Nge4 Qxa3+ 24. Kd1 Qb3+ 25. Ke1 Bxe4 26. Nxe4 Qb1+ 27. Ke2
Qxe4 28. Kf1 Qc4+ 29. Kg2 Nxb4 30. Kh3 Rf3+ 31. Kg2 Qe4 32. Kf1 Raf8 33. Rxg7+
Kxg7 34. Bxh6+ Kh7 35. Bxf8 Rxf8 36. Rh3 Nxd5 37. Rg3 Nf4 38. Qd1 Qh1+ 39. Rg1
Qh3+ 40. Ke1 Qc3+ 41. Kf1 Qd3+ 0-1

[Event "DEM U14 2017"]
[Site "Willingen GER"]
[Date "2017.06.09"]
[Round "8"]
[White "Buller, Ian Joshua"]
[Black "Meric, Geoffrey"]
[Result "0-1"]
[Termination "normal"]
[Board "20"]
[WhiteElo "1646"]
[BlackElo "1879"]
[PlyCount "56"]
[WhiteFideId "12990655"]
[BlackFideId "26092891"]
[EventCountry "GER"]
[EventRounds "9"]
[EventType "swiss"]
[EventDate "2017.06.03"]

1. e4 c5 2. Nf3 d6 3. Bb5+ Nd7 4. O-O a6 5. Bd3 Ngf6 6. Re1 e5 7. c3 Be7 8. Bf1
O-O 9. d4 Qc7 10. Na3 b5 11. Nc2 Bb7 12. d5 Ne8 13. Ne3 Nb6 14. Nf5 Bc8 15.
Nxe7+ Qxe7 16. g3 f5 17. Bg5 Qf7 18. exf5 Qxf5 19. Bg2 e4 20. Qc2 exf3 21. Qxf5
Bxf5 22. Bxf3 Nf6 23. Bxf6 gxf6 24. Re7 Bd7 25. Bh5 Rad8 26. Rd1 Nc8 27. Re4
Bf5 28. Rf4 Bg6 0-1

[Event "DEM U14 2017"]
[Site "Willingen GER"]
[Date "2017.06.09"]
[Round "8"]
[White "Liebold, Aaron"]
[Black "Mühlpfordt, Thomas"]
[Result "1/2-1/2"]
[Termination "normal"]
[Board "21"]
[WhiteElo "1746"]
[BlackElo "1813"]
[PlyCount "83"]
[WhiteFideId "12997846"]
[BlackFideId "12986623"]
[EventCountry "GER"]
[EventRounds "9"]
[EventType "swiss"]
[EventDate "2017.06.03"]

1. e4 e5 2. Nf3 Nc6 3. Bc4 Nf6 4. d4 exd4 5. e5 d5 6. Bb5 Ne4 7. Nxd4 Bd7 8.
Nxc6 bxc6 9. Bd3 Nc5 10. Be3 Nxd3+ 11. Qxd3 g6 12. O-O Qe7 13. Nc3 Bg7 14. Rae1
O-O 15. f4 Rfd8 16. Na4 Bf5 17. Qc3 Qe8 18. Bd4 Bf8 19. a3 h5 20. Nc5 Rab8 21.
Nb3 Ra8 22. Rf2 Rdb8 23. Rfe2 Rb5 24. Nc5 Qe7 25. e6 fxe6 26. Nxe6 c5 27. Nxc5
Rxc5 28. Rxe7 Rxc3 29. bxc3 Bxe7 30. Rxe7 c6 31. Rc7 Bxc2 32. Rxc6 a5 33. Rd6
Be4 34. Rd7 Rb8 35. h4 Rb3 36. Rg7+ Kf8 37. Ra7 Rb1+ 38. Kf2 Rb2+ 39. Ke3 Rxg2
40. Rxa5 Rg3+ 41. Ke2 Rg4 42. Bf2 1/2-1/2

[Event "DEM U14 2017"]
[Site "Willingen GER"]
[Date "2017.06.09"]
[Round "8"]
[White "Lohr, Maximilian"]
[Black "Popist, Florian"]
[Result "1-0"]
[Termination "normal"]
[Board "22"]
[WhiteElo "1767"]
[BlackElo "1820"]
[PlyCount "71"]
[WhiteFideId "12999717"]
[BlackFideId "16203518"]
[EventCountry "GER"]
[EventRounds "9"]
[EventType "swiss"]
[EventDate "2017.06.03"]

1. e4 c5 2. Nf3 d6 3. d4 cxd4 4. Nxd4 Nf6 5. Nc3 a6 6. Bd3 Qc7 7. O-O e6 8. Be3
Be7 9. f4 Nc6 10. Qf3 O-O 11. Rae1 Nxd4 12. Bxd4 e5 13. Be3 Bd7 14. f5 b5 15.
g4 b4 16. Ne2 d5 17. exd5 Bc5 18. Ng3 Bb5 19. Bxb5 axb5 20. g5 Nd7 21. f6 g6
22. Ne4 Rfc8 23. Qh3 Qd8 24. Rf3 Bxe3+ 25. Rfxe3 Rxc2 26. Qh4 Kh8 27. Rh3 Qg8
28. Nf2 Rxa2 29. Ng4 Rc4 30. Qg3 Rxb2 31. Nxe5 Rc3 32. Nf3 Rbc2 33. Rxh7+ Qxh7
34. Re8+ Nf8 35. Rxf8+ Qg8 36. Qh4# 1-0

[Event "DEM U14 2017"]
[Site "Willingen GER"]
[Date "2017.06.09"]
[Round "8"]
[White "Biermann, Lenhard"]
[Black "Waffenschmidt, Lars"]
[Result "0-1"]
[Termination "normal"]
[Board "23"]
[WhiteElo "1879"]
[BlackElo "1810"]
[PlyCount "148"]
[WhiteFideId "12970077"]
[BlackFideId "16244656"]
[EventCountry "GER"]
[EventRounds "9"]
[EventType "swiss"]
[EventDate "2017.06.03"]

1. d4 Nf6 2. Nf3 e6 3. g3 b6 4. Bg2 Bb7 5. O-O c5 6. c4 cxd4 7. Qxd4 Nc6 8. Qf4
Ne7 9. Nc3 Ng6 10. Qd2 Bb4 11. Qc2 Rc8 12. b3 d5 13. Bb2 dxc4 14. bxc4 O-O 15.
Rfd1 Qe7 16. Nb5 Bd5 17. Bxf6 Qxf6 18. Nd2 a6 19. Qb1 Bxd2 20. cxd5 Ba5 21. Nd6
Rc7 22. Ne4 Qe5 23. d6 Rd7 24. Qb3 Rfd8 25. Rac1 h5 26. Rd3 Nf8 27. a4 g5 28.
h4 f5 29. Nxg5 Rxd6 30. Rxd6 Qxd6 31. Qf3 Qe7 32. Qxh5 Bd2 33. Rd1 Bxg5 34.
Rxd8 Qxd8 35. hxg5 Qd1+ 36. Kh2 Qxa4 37. Bb7 a5 38. Qf3 Qd4 39. Kg2 b5 40. e3
Qc4 41. Ba6 Qc5 42. Kh2 a4 43. Qe2 b4 44. Bb5 a3 45. Bc4 Qe5 46. Qa2 Kf7 47.
Qb1 Qc5 48. Qb3 Ke7 49. Qa2 Qe5 50. Kg1 Qc3 51. Bb3 e5 52. Bf7 Qc1+ 53. Kg2 Qb2
54. Qd5 Qc3 55. g6 Kf6 56. Be8 Qc7 57. Qb3 Qe7 58. Bf7 Nxg6 59. Bxg6 Kxg6 60.
Qg8+ Kf6 61. Qh8+ Ke6 62. Qg8+ Kd6 63. Qb8+ Kc6 64. Qc8+ Kb5 65. Qb8+ Kc4 66.
Qc8+ Qc5 67. Qxf5 Qd5+ 68. e4 Qd4 69. Qc8+ Kb3 70. Qg4 a2 71. Qf3+ Qc3 72. Qd1+
Qc2 73. Qd5+ Kb2 74. Qxe5+ Qc3 0-1